<?xml version="1.0" encoding="UTF-8"?>
<record
    xmlns:xsi="http://www.w3.org/2001/XMLSchema-instance"
    xsi:schemaLocation="http://www.loc.gov/MARC21/slim http://www.loc.gov/standards/marcxml/schema/MARC21slim.xsd"
    xmlns="http://www.loc.gov/MARC21/slim">

  <leader>02287nab a2200265 uc4500</leader>
  <controlfield tag="001">797252</controlfield>
  <controlfield tag="005">20240229085836.0</controlfield>
  <controlfield tag="008">030224e20020701                    spa  </controlfield>
  <datafield tag="035" ind1=" " ind2=" ">
    <subfield code="a">797252</subfield>
  </datafield>
  <datafield tag="035" ind1=" " ind2=" ">
    <subfield code="a">(OCoLC)820009212</subfield>
  </datafield>
  <datafield tag="040" ind1=" " ind2=" ">
    <subfield code="c">comduadb</subfield>
  </datafield>
  <datafield tag="041" ind1=" " ind2=" ">
    <subfield code="a">spa</subfield>
  </datafield>
  <datafield tag="100" ind1="1" ind2="0">
    <subfield code="a">Costa, Joan,</subfield>
    <subfield code="d">1926-</subfield>
    <subfield code="4">aut</subfield>
    <subfield code="0">(isni)0000 0000 7977 0833</subfield>
    <subfield code="0">(viaf)67734234</subfield>
    <subfield code="e">aut</subfield>
    <subfield code="9">259449</subfield>
  </datafield>
  <datafield tag="245" ind1="1" ind2="4">
    <subfield code="a">Las nuevas coordenadas de la comunicaci&#xF3;n</subfield>
  </datafield>
  <datafield tag="520" ind1="3" ind2=" ">
    <subfield code="a">RESUMEN : A partir de un an&#xE1;lisis etimol&#xF3;gico, cient&#xED;fico e hist&#xF3;rico sobre el concepto de corporate, y del planteamiento de un Neo-corporativismo, el autor precisa el sentido en que utiliza los t&#xE9;rminos corporate y corporativo, los cuales son ambiguos, si no err&#xF3;neos, y en m&#xFA;ltiples casos, conducen a confusiones.Cumplido este recorrido, se inicia la tarea de intentar respuestas a la pregunta sobre c&#xF3;mo empez&#xF3; la transici&#xF3;n de la econom&#xED;a de producci&#xF3;n a nuestra econom&#xED;a de informaci&#xF3;n. El ensayo se apoya en la Informaci&#xF3;n cibern&#xE9;tica, la Informaci&#xF3;n comunicacional y la Tecnociencia, para plantear la Integraci&#xF3;n de la diversidad comunicativa.Con este recorrido pretende aclarar confusiones entre comunicaci&#xF3;n corporativa comunicaci&#xF3;n institucional e imagen corporativa en el contexto de la cultura de los servicios &#x2013;de los intangibles, caracterizada por la desmaterializaci&#xF3;n&#x2013; que se fundamenta en la comunicaci&#xF3;n, en la informaci&#xF3;n y en la imagen. Para Costa, la revoluci&#xF3;n de los servicios que puso el centro de atenci&#xF3;n en los recursos humanos, la gesti&#xF3;n de la calidad y en la cultura organizacional y la comunicaci&#xF3;n interna trajo como resultado la existencia de tres mundos diferenciados y espec&#xED;ficos: el mundo Institucional, el mundo Organizacional y el mundo Mercadol&#xF3;gico.</subfield>
  </datafield>
  <datafield tag="650" ind1=" " ind2=" ">
    <subfield code="a">Comunicaci&#xF3;n corporativa</subfield>
    <subfield code="9">28813</subfield>
  </datafield>
  <datafield tag="650" ind1=" " ind2="7">
    <subfield code="a">Comunicaci&#xF3;n organizacional</subfield>
    <subfield code="2">lemb</subfield>
    <subfield code="9">33998</subfield>
  </datafield>
  <datafield tag="650" ind1=" " ind2="7">
    <subfield code="a">Imagen corporativa</subfield>
    <subfield code="2">lemb</subfield>
    <subfield code="9">18593</subfield>
  </datafield>
  <datafield tag="650" ind1=" " ind2="7">
    <subfield code="a">Cultura organizacional</subfield>
    <subfield code="2">armarc</subfield>
    <subfield code="9">31498</subfield>
  </datafield>
  <datafield tag="650" ind1=" " ind2=" ">
    <subfield code="a">Comunicacion integrada</subfield>
    <subfield code="9">111653</subfield>
  </datafield>
  <datafield tag="650" ind1=" " ind2=" ">
    <subfield code="a">Cibern&#xE9;tica y comunicaci&#xF3;n</subfield>
    <subfield code="9">111654</subfield>
  </datafield>
  <datafield tag="650" ind1=" " ind2=" ">
    <subfield code="a">Comunicaci&#xF3;n en la empresa</subfield>
    <subfield code="9">108124</subfield>
  </datafield>
  <datafield tag="773" ind1="0" ind2=" ">
    <subfield code="t">Anagramas : Rumbos y Sentidos de la Comunicaci&#xF3;n (Medell&#xED;n)</subfield>
    <subfield code="g">N&#xFA;mero 01, Julio-Diciembre 2002, p. 11-19</subfield>
    <subfield code="w">794436</subfield>
    <subfield code="x">1692-2522</subfield>
    <subfield code="0">278842</subfield>
  </datafield>
  <datafield tag="942" ind1=" " ind2=" ">
    <subfield code="c">ARIMP</subfield>
  </datafield>
  <datafield tag="999" ind1=" " ind2=" ">
    <subfield code="c">276227</subfield>
    <subfield code="d">276227</subfield>
  </datafield>
</record>
